Statystyki dla Najbardziej ruchliwe trasy lotnicze z Londynu

Kliknij tutaj aby rozwiązać quiz!

Ogólne statystyki

  • Ten quiz został rozwiązany 7 501 razy
  • Średni wynik to 33 z 50

Odpowiedzi na mapie

Odpowiedzi skodowane kolorowo w zielono-czerwonej skali na mapie do tego quizu, zgodnie z poniższymi procentami.
 

Statystyki odpowiedzi

PasażerowieMiejsce docelowe% Poprawnych
1 319 928Warszawa
98%
3 028 326Madryt
94%
2 010 167Berlin
93%
4 430 950Nowy Jork
93%
2 300 346Paryż
92%
2 475 592Rzym
92%
3 155 549Barcelona
91%
1 901 618Lizbona
90%
1 386 406Oslo
90%
1 164 363Ateny
88%
4 909 981Dublin
88%
1 245 340Praga
86%
1 814 607Los Angeles
85%
1 785 385Sztokholm
85%
4 677 877Amsterdam
84%
1 195 664Wiedeń
84%
1 525 063Budapeszt
82%
2 321 677Kopenhaga
82%
1 188 901Bukareszt
81%
1 026 364Reykjavik
79%
1 723 358Stambuł
78%
1 699 265Monachium
77%
2 911 194Mediolan
74%
1 097 729Miami
74%
3 846 686Dubaj
72%
1 053 837Hamburg
71%
1 062 329Chicago
69%
1 313 079San Francisco
66%
3 432 001Edynburg
60%
1 921 996Frankfurt
60%
2 527 164Glasgow
59%
1 260 354Singapur
59%
1 080 541Wenecja
59%
1 023 509Delhi
58%
1 733 863Hongkong
55%
1 477 455Toronto
53%
1 882 123Zurych
53%
1 004 473Abu Zabi
50%
1 078 916Tel Awiw-Jafa
47%
954 716Johannesburg
46%
2 511 995Belfast
44%
2 501 843Genewa
41%
1 505 189Nicea
41%
963 977Mumbaj
40%
1 287 410Doha
37%
2 140 761Malaga
36%
1 337 629Teneryfa
25%
1 815 762Palma de Mallorca
24%
1 585 502Alicante
18%
1 598 921Faro
16%

Rozkład punktacji

Percentyl według liczby udzielonych odpowiedzi

Procent ludzi z każdym wynikiem

Twoja historia wyników

Nie rozwiązałeś tego quizu